000 00617nam a2200229Ia 4500
003 OSt
005 20221005125223.0
006 a|||||r|||| 00| 0
007 ta
008 221004b |||||||| |||| 00| 0 eng d
024 _a46892
037 _cTextual
040 _aCRL
_cCRL
_beng
041 _2eng
_aeng
082 _aN073d, H8 close sec
100 _aBarr Alfred H Jr Ed.
_9636337
245 0 _aPainting and sculpture in the museum of modern art
260 _c1948
650 _aARTS
942 _hN073d, H8 close sec
_cTEXL
_2cc
999 _c1053319
_d1053319